| 000 | 00677nam a2200193 4500 | ||
|---|---|---|---|
| 008 | 070427s1999 miu 000 0 eng | ||
| 020 | _a0310243149 :USD8.75 | ||
| 090 |
_aHQ734 _bC62b |
||
| 100 | 1 | _aCloud, Henry. | |
| 245 | 1 | 0 |
_aBoundaries in marriage / _cHenry Cloud and John Townsend. |
| 260 |
_aGrand Rapids, MI : _bZondervanPublishingHouse, _cc1999. |
||
| 300 |
_a255 p. ; _c23 cm. |
||
| 650 | 4 |
_aMarriage _xReligious aspects _xChristianity. |
|
| 650 | 4 | _aMarriage. | |
| 650 | 4 |
_aMarried people _xConduct of life. |
|
| 650 | 4 |
_aMarried people _xPsychology. |
|
| 700 | 1 |
_aTownsend, John Sims, _d1952- |
|
| 951 |
_p30548 _x00034679 _oHQ734/C62b _j070613111636625 _d2000-12-21 _cGC |
||
| 999 |
_c28982 _d28982 |
||